| 000 | 01018nam0a22002771 4500 | ||
|---|---|---|---|
| 001 | rc\2776479 | ||
| 005 | 20260406134123.0 | ||
| 035 | _a(NLR Aleph) 006902766 | ||
| 090 |
_a7265025 _c7265025 |
||
| 100 | _a20110915d1941 u y0rusy50 ca | ||
| 101 | 0 | _arus | |
| 102 | _aRU | ||
| 105 | _ay z ||||| | ||
| 200 | 1 |
_aЕдиные типовые нормы на геолого-разведочные работы _eУтв. 23.IV.1940 _fКом. по делам геологии при Совнаркоме СССР |
|
| 205 | _a2-е изд. | ||
| 210 |
_aМосква _aЛенинград _cГосгеолиздат _d1941 |
||
| 215 |
_a340 с. _d16 см. |
||
| 300 | _aНапеч. в Калуге | ||
| 710 | 0 | 1 |
_aСССР _bКомитет по делам геологии _3RU\NLR\AUTH\889917187 _9330545 |
| 801 | 0 |
_aRU _bNLR _gpsbo |
|
| 801 | 1 |
_aRU _bELAR _2rusmarc |
|
| 852 |
_aNLR _jГн02 Г-1/6 |
||
| 942 | _cBOOK | ||
| 945 | _aРоссийская национальная библиотека | ||
| 980 | _aNB | ||
| 980 | _aBV | ||